00257nam a2200097Ia 4500008004100000020001800041082001900059100002000078245005300098300000800151210430s9999 xx 000 0 und d a0-19-577676-3 a954.9043 K451P aMazhar Ali Khan aPakistan The First Twelve YearscMazhar Ali Khan a757